000
00209 a2200097 4500
001
42142
100
_a
Gingrich A
245
_a
The Esquire Treasury
260
_a
_b
W Heinemann Ltd
_c
090
_c
26132
_d
26132
942
_a
NUST-CAE
_c
M
_c
17928
999
_c
277215
_d
277215